[Event "Remote Easter Gr.D email"]
[Site "Remote email"]
[Date "2014.05.01"]
[Round "?"]
[White "Fricke, Moritz"]
[Black "Fricke, Dirk"]
[Result "1-0"]
[WhiteElo "1891"]
[BlackElo "1807"]
[PlyCount "57"]
[EventDate "2014.??.??"]
[EventType "tourn (corr)"]
[EventRounds "8"]
[EventCountry "GER"]
[SourceTitle "Corr 2015"]
[Source "ChessBase"]
[SourceDate "2015.07.17"]
[SourceVersion "1"]
[SourceVersionDate "2015.07.17"]
[SourceQuality "1"]

1. d4 d6 2. c4 Nf6 3. Nf3 g6 4. Nc3 Bg7 5. e3 0-0 6. Be2 c6 7. 0-0 Bg4 8. Re1 Nbd7 9. h3 Bxf3 10. Bxf3 e5 11. dxe5 Nxe5 12. Qe2 Nxf3+ 13. Qxf3 Re8 14. Bd2 Qd7 15. Rac1 a6 16. a3 b5 17. cxb5 axb5 18. Kh1 c5 19. Red1 d5 20. Ne2 Rac8 21. Bc3 Rc6 22. Kg1 Nh5 23. Bxg7 Nxg7 24. Qxd5 Qc7 25. Nd4 Rd8 26. Qxc6 Qxc6 27. Nxc6 Re8 28. Rxc5 Rc8 29. Ne7+ 1-0

[Event "Remote Easter Gr.D email"]
[Site "Remote email"]
[Date "2014.05.01"]
[Round "?"]
[White "Fricke, Moritz"]
[Black "Guenschmann, Martin"]
[Result "0-1"]
[WhiteElo "1891"]
[BlackElo "2043"]
[PlyCount "40"]
[EventDate "2014.??.??"]
[EventType "tourn (corr)"]
[EventRounds "8"]
[EventCountry "GER"]
[SourceTitle "Corr 2015"]
[Source "ChessBase"]
[SourceDate "2015.07.17"]
[SourceVersion "1"]
[SourceVersionDate "2015.07.17"]
[SourceQuality "1"]

1. e4 e6 2. d4 d5 3. exd5 exd5 4. Nf3 Bg4 5. Nc3 Nf6 6. Bg5 Nc6 7. Bb5 Qe7+ 8. Be3 Qe6 9. Bxc6+ Qxc6 10. 0-0 Bb4 11. Bd2 0-0 12. h3 Bxc3 13. Bxc3 Bxf3 14. Qxf3 Rfe8 15. Rfe1 Ne4 16. Re3 Kh8 17. a3 Kg8 18. Rd1 Re6 19. Rdd3 Rf6 20. Qd1 Nxf2 0-1

[Event "GER JU-S97 email"]
[Site "GER email"]
[Date "2012.01.10"]
[Round "?"]
[White "Denzer, Johannes"]
[Black "Fricke, Moritz"]
[Result "0-1"]
[WhiteElo "1638"]
[BlackElo "1813"]
[PlyCount "76"]
[EventDate "2012.01.16"]
[EventType "tourn (corr)"]
[EventRounds "8"]
[EventCountry "GER"]
[SourceTitle "Corr 2015"]
[Source "ChessBase"]
[SourceDate "2015.07.17"]
[SourceVersion "1"]
[SourceVersionDate "2015.07.17"]
[SourceQuality "1"]

1. e4 e5 2. Nf3 Nc6 3. d4 exd4 4. Bc4 Qe7 5. 0-0 Qc5 6. Qd3 Nf6 7. Nbd2 Bd6 8. Nb3 Qh5 9. Nbxd4 0-0 10. Nf5 Bc5 11. Bg5 Qg6 12. Rae1 d6 13. Bb5 Re8 14. N5h4 Qh5 15. Bxf6 gxf6 16. Nf5 Ne5 17. Ng3 Qxf3 18. gxf3 Nxd3 19. cxd3 c6 20. Bc4 Bh3 21. Rd1 Bxf1 22. Kxf1 Bd4 23. Nf5 Be5 24. h4 b5 25. Nh6+ Kg7 26. Nf5+ Kf8 27. Bb3 a5 28. d4 Bf4 29. Ke2 a4 30. Bc2 Ra5 31. h5 b4 32. Kd3 d5 33. h6 Bg5 34. Rg1 c5 35. b3 c4+ 36. bxc4 dxc4+ 37. Kxc4 Rc8+ 38. Kd3 Rc3+ 0-1

[Event "GER JU-S97 email"]
[Site "GER email"]
[Date "2012.01.10"]
[Round "?"]
[White "Fricke, Moritz"]
[Black "Denzer, Johannes"]
[Result "1-0"]
[WhiteElo "1813"]
[BlackElo "1638"]
[PlyCount "67"]
[EventDate "2012.01.16"]
[EventType "tourn (corr)"]
[EventRounds "8"]
[EventCountry "GER"]
[SourceTitle "Corr 2015"]
[Source "ChessBase"]
[SourceDate "2015.07.17"]
[SourceVersion "1"]
[SourceVersionDate "2015.07.17"]
[SourceQuality "1"]

1. e4 c5 2. Nf3 Nc6 3. d4 cxd4 4. Nxd4 g6 5. Nc3 Bg7 6. Be3 d6 7. Bb5 Bd7 8. Nxc6 bxc6 9. Bc4 Nf6 10. f3 0-0 11. 0-0 Qa5 12. Rb1 Rfe8 13. Qd3 Rab8 14. Rfd1 Qc7 15. Qd2 Red8 16. Qf2 a5 17. b3 Ne8 18. Qd2 Nf6 19. Kh1 a4 20. Nxa4 d5 21. exd5 cxd5 22. Bd3 Bxa4 23. bxa4 Rxb1 24. Rxb1 d4 25. Bf4 e5 26. Bg5 Ra8 27. Qb4 h6 28. Bd2 e4 29. fxe4 Ng4 30. g3 Nf2+ 31. Kg1 Nxd3 32. cxd3 Qc2 33. Rf1 Qxd3 34. Qb7 1-0

[Event "GER JU-S97 email"]
[Site "GER email"]
[Date "2012.01.10"]
[Round "?"]
[White "Fricke, Moritz"]
[Black "Hansch, Karsten"]
[Result "1-0"]
[WhiteElo "1813"]
[BlackElo "2118"]
[PlyCount "79"]
[EventDate "2012.01.16"]
[EventType "tourn (corr)"]
[EventRounds "8"]
[EventCountry "GER"]
[SourceTitle "Corr 2015"]
[Source "ChessBase"]
[SourceDate "2015.07.17"]
[SourceVersion "1"]
[SourceVersionDate "2015.07.17"]
[SourceQuality "1"]

1. d4 Nf6 2. c4 g6 3. Nc3 d5 4. Nf3 Bg7 5. cxd5 Nxd5 6. e4 Nxc3 7. bxc3 c5 8. Be3 Qa5 9. Qd2 Nc6 10. Rb1 cxd4 11. cxd4 Qxd2+ 12. Kxd2 0-0 13. d5 Rd8 14. Bd3 Ne5 15. Nxe5 Bxe5 16. f4 Bd6 17. h4 h5 18. Rhc1 a5 19. Ke2 Bg4+ 20. Kf2 Bb4 21. Rc7 e6 22. a3 Bd6 23. Rcxb7 Bxa3 24. Ra1 Bb4 25. Bb6 Rdb8 26. Rxb8+ Rxb8 27. Bxa5 Ra8 28. Bxb4 Rxa1 29. d6 e5 30. f5 Ra2+ 31. Ke1 Ra1+ 32. Kd2 Rd1+ 33. Kc3 Rxd3+ 34. Kxd3 gxf5 35. Kc4 fxe4 36. Kd5 Bd7 37. Kxe5 e3 38. Kf6 e2 39. Ke7 Bc6 40. d7 1-0

[Event "GER JU-S97 email"]
[Site "GER email"]
[Date "2012.01.10"]
[Round "?"]
[White "Fricke, Moritz"]
[Black "Hansch, Stephan"]
[Result "1-0"]
[WhiteElo "1813"]
[BlackElo "2085"]
[PlyCount "53"]
[EventDate "2012.01.16"]
[EventType "tourn (corr)"]
[EventRounds "8"]
[EventCountry "GER"]
[SourceTitle "Corr 2015"]
[Source "ChessBase"]
[SourceDate "2015.07.17"]
[SourceVersion "1"]
[SourceVersionDate "2015.07.17"]
[SourceQuality "1"]

1. e4 c5 2. Nf3 d6 3. d4 cxd4 4. Nxd4 Nf6 5. Nc3 a6 6. Be2 e5 7. Nb3 Be7 8. 0-0 0-0 9. a4 Be6 10. f4 Qb6+ 11. Kh1 Nbd7 12. Bd3 exf4 13. Bxf4 Ne5 14. Nd5 Bxd5 15. exd5 Rae8 16. a5 Qc7 17. c4 Nfd7 18. Rc1 h6 19. Bb1 Bh4 20. Qc2 f5 21. Nd4 g6 22. Ne6 Qxa5 23. Nxf8 Kxf8 24. Bxh6+ Kg8 25. Qb3 Qc7 26. Qc3 Bf6 27. Qg3 1-0

[Event "GER JU-S96 email"]
[Site "GER email"]
[Date "2011.11.28"]
[Round "?"]
[White "Fricke, Moritz"]
[Black "Orzegowski, Roman"]
[Result "0-1"]
[WhiteElo "1813"]
[BlackElo "1988"]
[PlyCount "44"]
[EventDate "2011.12.06"]
[EventType "tourn (corr)"]
[EventRounds "8"]
[EventCountry "GER"]
[SourceTitle "Corr 2015"]
[Source "ChessBase"]
[SourceDate "2015.07.17"]
[SourceVersion "1"]
[SourceVersionDate "2015.07.17"]
[SourceQuality "1"]

1. e4 e5 2. Nf3 d6 3. d4 exd4 4. Nxd4 Nf6 5. Nc3 Be7 6. Bd3 0-0 7. 0-0 Nc6 8. Nb3 Be6 9. Be3 Ng4 10. Qe2 Bf6 11. Qd2 Nxe3 12. Qxe3 a5 13. Bb5 Nb4 14. Rac1 c6 15. Bd3 Bxc3 16. bxc3 Nxa2 17. Ra1 Nxc3 18. f4 a4 19. Nd4 Re8 20. f5 Bd7 21. Rfe1 Nxe4 22. Qf3 Nc3 0-1

[Event "GER JU-S91 email"]
[Site "GER email"]
[Date "2010.12.12"]
[Round "?"]
[White "Eichner, Luca"]
[Black "Fricke, Moritz"]
[Result "1-0"]
[WhiteElo "1914"]
[BlackElo "1813"]
[PlyCount "67"]
[EventDate "2010.12.17"]
[EventType "tourn (corr)"]
[EventRounds "8"]
[EventCountry "GER"]
[SourceTitle "Corr 2015"]
[Source "ChessBase"]
[SourceDate "2015.07.17"]
[SourceVersion "1"]
[SourceVersionDate "2015.07.17"]
[SourceQuality "1"]

1. d4 Nf6 2. e3 g6 3. f4 d5 4. Nf3 Bg7 5. Bd3 Na6 6. c3 c5 7. 0-0 c4 8. Bc2 Nc7 9. Nbd2 Bf5 10. Bxf5 gxf5 11. Ne5 b5 12. b3 Qc8 13. a4 a6 14. Ba3 h5 15. bxc4 bxc4 16. Rb1 h4 17. Rb6 h3 18. g3 Ng4 19. Nxg4 fxg4 20. f5 Bh6 21. Kh1 Qd7 22. f6 Bf8 23. fxe7 Bxe7 24. Bxe7 Qxe7 25. Qxg4 Qd7 26. Qg7 Rf8 27. e4 Ne6 28. Qe5 Qc7 29. Rxe6+ fxe6 30. Rxf8+ Kd7 31. Rf7+ Ke8 32. Qxc7 Ra7 33. Qxa7 Kd8 34. Rf8# 1-0

[Event "GER JU-S87 email"]
[Site "GER email"]
[Date "2010.11.08"]
[Round "?"]
[White "Fricke, Moritz"]
[Black "Hansch, Stephan"]
[Result "0-1"]
[WhiteElo "1813"]
[BlackElo "2085"]
[PlyCount "68"]
[EventDate "2010.11.15"]
[EventType "tourn (corr)"]
[EventRounds "8"]
[EventCountry "GER"]
[SourceTitle "Corr 2015"]
[Source "ChessBase"]
[SourceDate "2015.07.17"]
[SourceVersion "1"]
[SourceVersionDate "2015.07.17"]
[SourceQuality "1"]

1. d4 Nf6 2. c4 g6 3. Nc3 Bg7 4. Nf3 0-0 5. e4 d6 6. h3 e5 7. dxe5 dxe5 8. Qxd8 Rxd8 9. Bg5 Re8 10. Nd5 Nxd5 11. cxd5 c6 12. d6 f6 13. Bc4+ Be6 14. Bxe6+ Rxe6 15. 0-0-0 Nd7 16. Be3 Bf8 17. Rd2 c5 18. Kc2 Kf7 19. Rhd1 Rc8 20. g4 Rc6 21. g5 Rcxd6 22. Rxd6 Rxd6 23. Rxd6 Bxd6 24. gxf6 Kxf6 25. Kc3 b5 26. a3 a6 27. Bh6 Bf8 28. Bxf8 Nxf8 29. h4 Ne6 30. b3 h5 31. b4 cxb4+ 32. Kxb4 g5 33. hxg5+ Nxg5 34. Nh4 Nxe4 0-1

[Event "GER JU-S87 email"]
[Site "GER email"]
[Date "2010.11.08"]
[Round "?"]
[White "Orzegowski, Roman"]
[Black "Fricke, Moritz"]
[Result "1-0"]
[WhiteElo "1988"]
[BlackElo "1813"]
[PlyCount "63"]
[EventDate "2010.11.15"]
[EventType "tourn (corr)"]
[EventRounds "8"]
[EventCountry "GER"]
[SourceTitle "Corr 2015"]
[Source "ChessBase"]
[SourceDate "2015.07.17"]
[SourceVersion "1"]
[SourceVersionDate "2015.07.17"]
[SourceQuality "1"]

1. e4 c5 2. Nf3 e6 3. d4 cxd4 4. Nxd4 a6 5. Bd3 Nf6 6. 0-0 Qc7 7. Qe2 Bd6 8. h3 Nc6 9. c3 0-0 10. Bg5 Be5 11. Nxc6 dxc6 12. f4 Bd6 13. Nd2 e5 14. Nc4 Bc5+ 15. Kh1 Nd7 16. b4 f6 17. bxc5 fxg5 18. Nb6 Nxb6 19. cxb6 Qe7 20. fxg5 Be6 21. Rxf8+ Rxf8 22. Bc4 Bf7 23. Bxf7+ Rxf7 24. Qe3 Qd6 25. a4 g6 26. Kh2 c5 27. a5 Rd7 28. Qe2 Qd3 29. Qg4 Qxc3 30. Qe6+ Rf7 31. Rf1 Qd4 32. Qxf7+ 1-0

[Event "GER JU-S82 email"]
[Site "GER email"]
[Date "2009.12.26"]
[Round "?"]
[White "Auburger, Kirstin"]
[Black "Fricke, Moritz"]
[Result "1-0"]
[WhiteElo "2189"]
[BlackElo "1813"]
[PlyCount "61"]
[EventDate "2010.01.04"]
[EventType "tourn (corr)"]
[EventRounds "8"]
[EventCountry "GER"]
[SourceTitle "Corr 2015"]
[Source "ChessBase"]
[SourceDate "2015.07.17"]
[SourceVersion "1"]
[SourceVersionDate "2015.07.17"]
[SourceQuality "1"]

1. d4 d5 2. Nf3 Nf6 3. c4 e6 4. Nc3 Be7 5. Bg5 h6 6. Bh4 Bd7 7. Bxf6 Bxf6 8. cxd5 exd5 9. Nxd5 0-0 10. e3 Nc6 11. Bd3 Re8 12. Rc1 Be6 13. Nxf6+ Qxf6 14. a3 Rad8 15. 0-0 Bg4 16. h3 Bxf3 17. Qxf3 Qxf3 18. gxf3 Rd6 19. Rc3 a6 20. Be4 Rd7 21. Bxc6 Ree7 22. Bxd7 Rxd7 23. Rfc1 c6 24. Rc5 Kf8 25. d5 Rxd5 26. Rxd5 cxd5 27. Rc8+ Ke7 28. Rc7+ Kd6 29. Rxf7 g5 30. Rxb7 Kc6 31. Rh7 1-0

[Event "GER JU-S82 email"]
[Site "GER email"]
[Date "2009.12.26"]
[Round "?"]
[White "Fricke, Moritz"]
[Black "Goebel, Martin"]
[Result "1/2-1/2"]
[WhiteElo "1813"]
[BlackElo "1699"]
[PlyCount "34"]
[EventDate "2010.01.04"]
[EventType "tourn (corr)"]
[EventRounds "8"]
[EventCountry "GER"]
[SourceTitle "Corr 2015"]
[Source "ChessBase"]
[SourceDate "2015.07.17"]
[SourceVersion "1"]
[SourceVersionDate "2015.07.17"]
[SourceQuality "1"]

1. e4 d6 2. d4 c6 3. Nc3 g6 4. Nf3 Bg4 5. Bd3 Bg7 6. Bc4 Bxf3 7. Qxf3 e6 8. d5 cxd5 9. exd5 Bxc3+ 10. Qxc3 Qf6 11. Qb3 b6 12. dxe6 fxe6 13. Bxe6 Ne7 14. 0-0 Nbc6 15. c3 d5 16. Re1 Rf8 17. f3 Rb8 1/2-1/2

[Event "GER JU-S70 email"]
[Site "GER email"]
[Date "2008.07.30"]
[Round "?"]
[White "Hobert, Markus"]
[Black "Fricke, Moritz"]
[Result "1-0"]
[WhiteElo "2258"]
[BlackElo "1813"]
[PlyCount "33"]
[EventDate "2008.??.??"]
[EventType "tourn (corr)"]
[EventRounds "6"]
[EventCountry "GER"]
[SourceTitle "Corr 2011"]
[Source "ChessBase"]
[SourceDate "2010.08.31"]
[SourceVersion "1"]
[SourceVersionDate "2010.08.31"]
[SourceQuality "1"]

1. d4 d5 2. c4 dxc4 3. e4 c5 4. d5 e6 5. Nc3 exd5 6. Nxd5 Be6 7. Bxc4 Nc6 8. Nf3 Nf6 9. Bf4 Bxd5 10. exd5 Na5 11. Bb5+ Nd7 12. d6 Qb6 13. Qe2+ Kd8 14. Ng5 Rg8 15. Nxf7+ Kc8 16. Qe8+ Qd8 17. Qxd8# 1-0

[Event "GER JU-S68 email"]
[Site "GER email"]
[Date "2008.05.14"]
[Round "?"]
[White "Fricke, Moritz"]
[Black "Hansch, Stephan"]
[Result "0-1"]
[WhiteElo "1813"]
[BlackElo "2085"]
[PlyCount "90"]
[EventDate "2008.??.??"]
[EventType "tourn (corr)"]
[EventRounds "6"]
[EventCountry "GER"]
[SourceTitle "Corr 2011"]
[Source "ChessBase"]
[SourceDate "2010.08.31"]
[SourceVersion "1"]
[SourceVersionDate "2010.08.31"]
[SourceQuality "1"]

1. e4 c5 2. Nf3 d6 3. Bb5+ Bd7 4. Bxd7+ Qxd7 5. 0-0 Nc6 6. Nc3 Nf6 7. d3 g6 8. h3 Bg7 9. Bg5 0-0 10. a3 e6 11. Re1 Nh5 12. Qd2 Rac8 13. g4 Nf6 14. Bh6 Nd4 15. Nxd4 Bxh6 16. Qxh6 cxd4 17. Ne2 Rxc2 18. Nxd4 Rxb2 19. Reb1 Rxb1+ 20. Rxb1 a6 21. Qh4 Kg7 22. g5 Nh5 23. Ne2 Rc8 24. Nf4 Nxf4 25. Qxf4 b5 26. Qf6+ Kg8 27. h4 e5 28. d4 Qg4+ 29. Kf1 Qxe4 30. Rd1 exd4 31. Qxd4 Qxd4 32. Rxd4 Rc3 33. Rxd6 Rxa3 34. Rd8+ Kg7 35. Ke1 a5 36. Kd2 b4 37. Kc2 Ra2+ 38. Kb3 Rxf2 39. Rd5 Rf3+ 40. Ka4 Ra3+ 41. Kb5 b3 42. Rd3 b2 43. Rxa3 b1Q+ 44. Kxa5 Qe1+ 45. Ka4 Qxh4+ 0-1

[Event "GER JU-S66 email"]
[Site "GER email"]
[Date "2008.04.18"]
[Round "?"]
[White "Fricke, Moritz"]
[Black "Finsel, Manuel"]
[Result "1/2-1/2"]
[WhiteElo "1813"]
[BlackElo "1771"]
[PlyCount "77"]
[EventDate "2008.??.??"]
[EventType "tourn (corr)"]
[EventRounds "6"]
[EventCountry "GER"]
[SourceTitle "Corr 2011"]
[Source "ChessBase"]
[SourceDate "2010.08.31"]
[SourceVersion "1"]
[SourceVersionDate "2010.08.31"]
[SourceQuality "1"]

1. e4 e6 2. Nf3 d5 3. exd5 exd5 4. d4 Bd6 5. Nc3 Ne7 6. Bd3 0-0 7. 0-0 c6 8. Re1 Bf5 9. Bg5 f6 10. Be3 Nd7 11. h3 Qc7 12. Qd2 Rae8 13. Re2 Bxd3 14. Qxd3 Ng6 15. Rae1 Kf7 16. a3 Bf4 17. Bxf4 Nxf4 18. Qxh7 Nxe2+ 19. Rxe2 Rxe2 20. Nxe2 Qb6 21. Qf5 Ke7 22. Nf4 Ke8 23. Qg6+ Ke7 24. b3 Rf7 25. Qg4 Kd8 26. Ne6+ Kc8 27. Nxg7 Qd8 28. Ne6 Qe8 29. c4 dxc4 30. bxc4 Kb8 31. Qf4+ Ne5 32. Nxe5 fxe5 33. Qxe5+ Kc8 34. d5 Re7 35. Qf5 Kb8 36. Qf4+ Kc8 37. Qf5 Kb8 38. h4 Rf7 39. Qe5+ 1/2-1/2

[Event "GER JU-S64 email"]
[Site "GER email"]
[Date "2008.01.14"]
[Round "?"]
[White "Kunz, Andre"]
[Black "Fricke, Moritz"]
[Result "1-0"]
[WhiteElo "2182"]
[BlackElo "1813"]
[PlyCount "45"]
[EventDate "2008.??.??"]
[EventType "tourn (corr)"]
[EventRounds "6"]
[EventCountry "GER"]
[SourceTitle "Corr 2011"]
[Source "ChessBase"]
[SourceDate "2010.08.31"]
[SourceVersion "1"]
[SourceVersionDate "2010.08.31"]
[SourceQuality "1"]

1. e4 e5 2. Nf3 Nc6 3. Bc4 Nf6 4. Ng5 d5 5. exd5 Nxd5 6. d4 Be6 7. Nxe6 fxe6 8. dxe5 Nxe5 9. Qh5+ g6 10. Qxe5 Qf6 11. Qxf6 Nxf6 12. Bxe6 Bg7 13. Nc3 c6 14. 0-0 Kf8 15. Bf4 Rd8 16. Rfe1 Nh5 17. Bc7 Rd2 18. Ne4 Rxc2 19. Bd6+ Ke8 20. Bh3 Kd8 21. Rad1 Ke8 22. Ng5+ Kd8 23. Nf7# 1-0